000 00902aam a2200313 i 4500
001 768714001
003 CO-MdFUSB
005 20250508082703.0
007 ta
008 191031t2009 pe |||| |||| 00| 0 spa d
020 _a9789972701467
040 _bspa.
_aCO-MdFUSB
_cCO-MdFUSB
_dCO-MdFUSBC
_erda
041 _aspa
082 0 4 _a23
_2241.660712
_bC5323b
100 1 _aChiang, Alex
_eautor
245 1 4 _aUna bendición llamada sexo
_c/ Alex Chiang
264 1 _aPerú :
_bEdiciones Puma,
_c[2009]
264 4 _c©2009
300 _a84 páginas
_c; 21 cm
336 _atexto
_btxt
_2rdacontent
337 _2rdamedia
_asin mediación
_bn
338 _2rdacarrier
_avolumen
_bnc
505 _aUna bendición llamada sexo. -- Sexo sin mitos. -- Amor real o atracción fatal
563 _aRústico
650 0 _aVida cristiana
_919
650 0 _aSexo
_91346
942 _cBK
945 _aJTF-925
999 _c44621
_d44621